La Iglesia y el hombre de hoy / editado por P. Theodor Bogler, OSB, tr. por Mariano Herranz Marco

Salvato in:
Dettagli Bibliografici
Altri autori: I.Bogler, Theodor, ed. (autor) (autor)
Natura: Libro
Serie:Cristianismo y hombre actual ; 41
Soggetti:
Tags: Aggiungi Tag
Nessun Tag, puoi essere il primo ad aggiungerne!!

MARC

LEADER 00000nam^a2200000^u^4500
001 000544509
005 20250521000000.0
008 060220s1000^^^^^^^^^^^^r^^^^^000^0^spa^d
009 20260310131329.014
035 |a FMI 000013701 
037 |a Acervo Xavier Clavigero 
096 |a 5.4/11/B 
245 0 3 |a La Iglesia y el hombre de hoy / editado por P. Theodor Bogler, OSB, tr. por Mariano Herranz Marco 
264 |a Madrid : Guadarrama, 1963 
300 |a 218 p. 
336 |a texto  |b txt  |2 rdacontenido 
337 |a sin mediación  |b n  |2 rdamedio 
338 |a volumen  |b nc  |2 rdasoporte 
440 0 |a Cristianismo y hombre actual ; 41 
597 |a Traducido de: Die kirche und der heutige mensch \ En la portada: Los Libros del Monograma 
649 |a XX 
650 |a Eclesiología 
700 |a I.Bogler, Theodor, ed.  |e (autor) 
910 |a Fondo Francisco Migoya Covarrubias S.J. 
920 |a Impresos - Libros 
930 |a Fondos Especiales 
905 |a 134 
901 |a SBC09597  |b IT2  |c ESP  |u 20250521 
902 |a https://opac.biblio.iteso.mx/vufind/Record/000544509